000 00648nam a22002417a 4500
003 UA-OsUOA
001 80770
007 ta
008 20111223b un ||||| |||| 00| 0 ukr d
100 _aБагинский В.В.
090 _a821.161.1
_bБ14
942 _cBK
040 _aUA-OsUOA
_brus
_cUA-OsUOA
_dUA-OsUOA
245 _aНеваляшки
_bпоэзии
300 _a120 с.
955 _a3
041 _arus
080 _a821.161.1
020 _a966-1516-27-3
260 _aК.
_bВидавець Карпенко В.М.
_c2009
650 7 _a82 Література. Літературознавство
_2UDC
999 _c367075
_d367075